The catalyst leader : (Record no. 6248)
[ view plain ]
| 000 -LEADER | |
|---|---|
| fixed length control field | 02614cam a22003977i 4500 |
| 001 - CONTROL NUMBER | |
| control field | 17515016 |
| 003 - CONTROL NUMBER IDENTIFIER | |
| control field | OSt |
| 005 - DATE AND TIME OF LATEST TRANSACTION | |
| control field | 20190116125331.0 |
| 008 - FIXED-LENGTH DATA ELEMENTS--GENERAL INFORMATION | |
| fixed length control field | 121101t20132013tnu b 000 0 eng d |
| 010 ## - LIBRARY OF CONGRESS CONTROL NUMBER | |
| LC control number | 2012953157 |
| 020 ## - INTERNATIONAL STANDARD BOOK NUMBER | |
| International Standard Book Number | 9781595554970 |
| 020 ## - INTERNATIONAL STANDARD BOOK NUMBER | |
| International Standard Book Number | 1595554971 |
| 020 ## - INTERNATIONAL STANDARD BOOK NUMBER | |
| International Standard Book Number | 1400276691 |
| 020 ## - INTERNATIONAL STANDARD BOOK NUMBER | |
| International Standard Book Number | 9781400276691 |
| 035 ## - SYSTEM CONTROL NUMBER | |
| System control number | (OCoLC)ocn798061485 |
| 040 ## - CATALOGING SOURCE | |
| Original cataloging agency | BTCTA |
| Language of cataloging | eng |
| Transcribing agency | BTCTA |
| Description conventions | rda |
| Modifying agency | BDX |
| -- | YDXCP |
| -- | I4F |
| -- | BWX |
| -- | OCLCQ |
| -- | MNW |
| -- | OIP |
| -- | DLC |
| 042 ## - AUTHENTICATION CODE | |
| Authentication code | lccopycat |
| 050 00 - LIBRARY OF CONGRESS CALL NUMBER | |
| Classification number | HD57.7 |
| Item number | .L662 2013 |
| 082 04 - DEWEY DECIMAL CLASSIFICATION NUMBER | |
| Classification number | 234 |
| Edition number | 23 |
| Item number | L845C |
| 100 1# - MAIN ENTRY--PERSONAL NAME | |
| Personal name | Lomenick, Brad, |
| Relator term | author. |
| 245 14 - TITLE STATEMENT | |
| Title | The catalyst leader : |
| Remainder of title | 8 essentials for becoming a change maker / |
| Statement of responsibility, etc. | Brad Lomenick. |
| 264 #1 - PRODUCTION, PUBLICATION, DISTRIBUTION, MANUFACTURE, AND COPYRIGHT NOTICE | |
| Place of production, publication, distribution, manufacture | Nashville : |
| Name of producer, publisher, distributor, manufacturer | Thomas Nelson, |
| Date of production, publication, distribution, manufacture, or copyright notice | [2013] |
| 264 #4 - PRODUCTION, PUBLICATION, DISTRIBUTION, MANUFACTURE, AND COPYRIGHT NOTICE | |
| Date of production, publication, distribution, manufacture, or copyright notice | ©2013 |
| 300 ## - PHYSICAL DESCRIPTION | |
| Extent | xxxii, 244 pages ; |
| Dimensions | 21 cm |
| 336 ## - CONTENT TYPE | |
| Content type term | text |
| Content type code | txt |
| Source | rdacontent |
| 337 ## - MEDIA TYPE | |
| Media type term | unmediated |
| Media type code | n |
| Source | rdamedia |
| 338 ## - CARRIER TYPE | |
| Carrier type term | volume |
| Carrier type code | nc |
| Source | rdacarrier |
| 504 ## - BIBLIOGRAPHY, ETC. NOTE | |
| Bibliography, etc. note | Includes bibliographical references (pages 235-238). |
| 505 0# - FORMATTED CONTENTS NOTE | |
| Formatted contents note | Called: find your uniqueness -- Authentic: unleash the real you -- Passionate: live in pursuit of God -- Capable: make excellence nonnegotiable -- Courageous: prepare to jump -- Principled: anchor in your convictions -- Hopeful: build toward a better tomorrow -- Collaborative: draw power from partners -- Conclusion: moving forward, looking back -- Young influencers list: fifty change makers on the rise -- Appendix: "Today's Christian Leaders" study, in partnership with Barna Research Group. |
| 520 ## - SUMMARY, ETC. | |
| Summary, etc. | It's time for a new generation of leaders to rise up and take charge. The Catalyst Leader is the ultimate guide to get there. After thirteen years of gathering, influencing, and inspiring hundreds of thousands of young leaders through cutting-edge experiential events, conferences, and resources, Brad Lomenick understands leadership and the next generation. The Catalyst Leader provides practical help for all leaders at any stage of their leadership journey, ultimately defining what it means to be a Catalyst in this generation, and inspiring us all to be true change makers wherever we lead. The question isn't how do we lead now; it's how do we lead well. This is the new generation of leaders' handbook for influence. Practical. Inspiring. Timely. Defining. Get ready for your own leadership to be taken to a new level. -- Publisher. |
| 650 #0 - SUBJECT ADDED ENTRY--TOPICAL TERM | |
| Topical term or geographic name entry element | Leadership. |
| 856 42 - ELECTRONIC LOCATION AND ACCESS | |
| Materials specified | Publisher description |
| Uniform Resource Identifier | <a href="http://www.loc.gov/catdir/enhancements/fy1317/2012953157-d.html">http://www.loc.gov/catdir/enhancements/fy1317/2012953157-d.html</a> |
| 906 ## - LOCAL DATA ELEMENT F, LDF (RLIN) | |
| a | 7 |
| b | cbc |
| c | copycat |
| d | 2 |
| e | ncip |
| f | 20 |
| g | y-gencatlg |
| 942 ## - ADDED ENTRY ELEMENTS (KOHA) | |
| Source of classification or shelving scheme | Dewey Decimal Classification |
| Koha item type | Books |
| Withdrawn status | Lost status | Source of classification or shelving scheme | Damaged status | Not for loan | Collection code | Home library | Current library | Shelving location | Date acquired | Cost, normal purchase price | Total Checkouts | Full call number | Barcode | Date last seen | Price effective from | Koha item type |
|---|---|---|---|---|---|---|---|---|---|---|---|---|---|---|---|---|
| Dewey Decimal Classification | Non-fiction | Harvest Mission College | Harvest Mission College | General Stacks | 16.01.2019 | 1950.00 | 234 L845C | 007245 | 16.01.2019 | 16.01.2019 | Books |
